[Event "It (open)"]
[Site "masterchessopen.com Geraardsbergen (Belgium)"]
[Date "2011.08.14"]
[Round "7"]
[White "De Herdt Yasseen (BEL)"]
[Black "Sarrau Jelle (BEL)"]
[Result "0-1"]
[WhiteElo "1996"]
[BlackElo "2239"]

1.e4 c5 2.Nf3 d6 3.d4 cxd4 4.Nxd4 Nf6 5.Nc3 a6 6.Bg5 Nbd7 7.Qd2 b5 8.a3 Bb7
9.Bd3 e6 10.O-O Be7 11.Kh1 h6 12.Bh4 Qb6 13.f4 Qxd4 14.Bf2 Nxe4 15.Nxe4 Qd5
16.Bg1 Nc5 17.Nxc5 dxc5 18.Qf2 Bh4 {#R} 0-1

[Event "It \"]
[Site "masterchessopen.com Liberec (Czech Republic)"]
[Date "2011.08.18"]
[Round "6"]
[White "Vaclavicek Lukas (CZE)"]
[Black "Matejka Vladimir (CZE)"]
[Result "1-0"]
[WhiteElo "1842"]
[BlackElo "1951"]

1.e4 c5 2.Nf3 d6 3.d4 cxd4 4.Nxd4 Nf6 5.Nc3 a6 6.Bg5 Nbd7 7.f4 Qc7 8.Qf3 h6
9.Bxf6 Nxf6 10.h3 e6 11.O-O-O b5 12.a3 Bb7 13.Bd3 Rc8 14.Rhe1 Nd7 15.Qg4 h5
16.Qe2 Be7 17.g4 Bf6 18.Bxb5 axb5 19.Ndxb5 Qb6 20.Nxd6+ Ke7 21.Nxc8+ Rxc8
22.e5 Nxe5 23.g5 Nc4 24.gxf6+ gxf6 25.b3 Nxa3 26.Qd3 Qa5 27.Qd6+ Ke8 28.Rxe6+
{#r} 1-0

[Event "Universiade"]
[Site "masterchessopen.com Shenzhen (China)"]
[Date "2011.08.18"]
[Round "5"]
[White "Pereira Ruben Miguel Nunes (POR)"]
[Black "Yilmaz Mustafa (TUR)"]
[Result "0-1"]
[WhiteElo "2416"]
[BlackElo "2505"]

1.e4 c5 2.Nf3 d6 3.d4 cxd4 4.Nxd4 Nf6 5.Nc3 a6 6.Bg5 Nbd7 7.Bc4 Qa5 8.Qd2 e6
9.O-O-O b5 10.Bb3 Bb7 11.Rhe1 O-O-O 12.a3 Be7 13.f4 h6 14.Bxf6 Bxf6 15.Kb1 Nc5
16.Ba2 b4 17.axb4 Qxb4 18.e5 dxe5 19.fxe5 Bg5 20.Qf2 Rhf8 21.Nb3 Nxb3 22.Bxb3
Bc6 23.Rd6 Rxd6 24.exd6 Bf6 {#R} 0-1

[Event "It (open)"]
[Site "masterchessopen.com Bratto (Italy)"]
[Date "2011.08.23"]
[Round "4"]
[White "Pesce Gabriele (ITA)"]
[Black "Vishnu Prasanna (IND)"]
[Result "0-1"]
[WhiteElo "2177"]
[BlackElo "2340"]

1.e4 c5 2.Nf3 d6 3.d4 cxd4 4.Nxd4 Nf6 5.Nc3 a6 6.Bg5 Nbd7 7.Bc4 h6 8.Be3 Qc7
9.Bb3 e6 10.Qd2 Nc5 11.f3 Bd7 12.O-O-O b5 13.Rhe1 b4 14.Nd5 Nxb3+ 15.Nxb3 exd5
16.exd5 Be7 17.Qxb4 a5 18.Qa3 O-O 19.Bf4 Rfc8 20.Na1 Bf5 21.c3 Qc4 22.Bg3 Nxd5
23.h4 Bf6 24.Qb3 Nb4 25.Qxc4 Rxc4 26.Re3 Nxa2+ 27.Kd2 Rb8 28.b3 Rxc3 {#R} 0-1

[Event "It \"]
[Site "masterchessopen.com Kecskemet (Hungary)"]
[Date "2011.08.25"]
[Round "6"]
[White "Groszpeter Attila (HUN)"]
[Black "Ivekovic Zvonimir (CRO)"]
[Result "1-0"]
[WhiteElo "2521"]
[BlackElo "2342"]

1.e4 c5 2.Nf3 d6 3.d4 cxd4 4.Nxd4 Nf6 5.Nc3 a6 6.Bg5 Nbd7 7.Bc4 Qc7 8.Qe2 e6
9.O-O-O Ne5 10.Bb3 Be7 11.f4 Nc6 12.Nxc6 bxc6 13.e5 dxe5 14.fxe5 Nd5 15.Bxe7
Nxc3 16.Qg4 Qxe7 17.Qxg7 Rf8 18.bxc3 Qa3+ 19.Kb1 a5 20.Qg4 Bd7 21.Qd4 Qe7
22.Ba4 Rg8 23.Ka1 Kd8 24.Rhf1 Rxg2 25.Qe4 Rg6 26.Rxd7+ Kxd7 27.Qxc6+ Kd8
28.Qxa8+ Kc7 29.Rb1 {#r} 1-0

[Event "Cup Governor's (open)"]
[Site "masterchessopen.com Khanty Mansyisk (Russia)"]
[Date "2011.09.07"]
[Round "8"]
[White "Postnikov Daniil (RUS)"]
[Black "Sazonova Anastasia (RUS)"]
[Result "1-0"]
[WhiteElo "2135"]
[BlackElo "2010"]

1.e4 c5 2.Nf3 d6 3.d4 cxd4 4.Nxd4 Nf6 5.Nc3 a6 6.Bg5 Nbd7 7.f4 Qc7 8.Qf3 Rb8
9.g4 e6 10.O-O-O b5 11.Bxf6 Nxf6 12.g5 Nd7 13.f5 Ne5 14.Qh3 Qe7 15.Rg1 g6
16.Kb1 Bd7 17.Nce2 Nc6 18.fxe6 fxe6 19.Nxc6 Bxc6 20.Qc3 Bg7 21.Qxc6+ Kf7
22.Bh3 Rhd8 23.Nf4 {#r} 1-0

[Event "Ch Europe (juniors) (under 14)"]
[Site "masterchessopen.com Albena (Bulgaria)"]
[Date "2011.09.11"]
[Round "1"]
[White "Tutisani Noe (GEO)"]
[Black "Antipov Mikhail Al (RUS)"]
[Result "0-1"]
[WhiteElo "1907"]
[BlackElo "2407"]

1.e4 c5 2.Nf3 d6 3.d4 cxd4 4.Nxd4 Nf6 5.Nc3 a6 6.Bg5 Nbd7 7.Bc4 e6 8.f3 b5
9.Bb3 Qc7 10.Qd2 Nb6 11.O-O-O Bd7 12.a3 Be7 13.f4 h6 14.Bxf6 Bxf6 15.Nde2 Be7
16.Qd3 Rc8 17.f5 Nc4 18.h4 Qc5 19.fxe6 Bxe6 20.Qd4 O-O 21.Qxc5 Rxc5 22.Nf4 Bg4
23.Nfd5 Bd8 24.Rd4 Ne5 25.Ne3 Rc6 26.Ncd5 {#R} 0-1

[Event "Ch Europe (juniors) (under 14)"]
[Site "masterchessopen.com Albena (Bulgaria)"]
[Date "2011.09.13"]
[Round "3"]
[White "Sanal Vahap (TUR)"]
[Black "Eggink Ryszard (POL)"]
[Result "1-0"]
[WhiteElo "2243"]
[BlackElo "1941"]

1.e4 c5 2.Nf3 d6 3.d4 cxd4 4.Nxd4 Nf6 5.Nc3 a6 6.Bg5 Nbd7 7.Bc4 Qc7 8.Qe2 b5
9.Bb3 Nc5 10.Nd5 Qd8 11.Bxf6 gxf6 12.Qh5 Nxb3 13.axb3 Bd7 14.Qf3 h5 15.O-O Bg7
16.Nf5 Bf8 17.Qc3 Rc8 18.Nxd6+ exd6 19.Nxf6+ {#r} 1-0

[Event "Ch Europe (juniors) (under 16) (g)"]
[Site "masterchessopen.com Albena (Bulgaria)"]
[Date "2011.09.15"]
[Round "5"]
[White "Tantsiura Marja (UKR)"]
[Black "Lach Aleksandra (POL)"]
[Result "1-0"]
[WhiteElo "2138"]
[BlackElo "2154"]

1.e4 c5 2.Nf3 d6 3.d4 cxd4 4.Nxd4 Nf6 5.Nc3 a6 6.Bg5 Nbd7 7.Bc4 Qb6 8.Bb3 e6
9.O-O Be7 10.Kh1 Nc5 11.Be3 Qc7 12.f3 O-O 13.Qe1 b5 14.a3 Nxb3 15.Nxb3 Bb7
16.Qg3 Kh8 17.Rad1 Rac8 18.Bd4 e5 19.Be3 Nd7 20.f4 Nf6 21.fxe5 dxe5 22.Nd2
Rcd8 23.Rde1 Rg8 24.h3 Bxa3 25.Bg5 Bxb2 26.Nd1 Bc1 27.Nf3 Bxg5 28.Nxg5 Rxd1
29.Rxd1 Nxe4 30.Qxe5 Nd6 31.Qxd6 {#r} 1-0

[Event "Ch Belgium (team) 2011/12"]
[Site "masterchessopen.com Belgium"]
[Date "2011.10.09"]
[Round "1"]
[White "Larsen Sander (BEL)"]
[Black "Baert Andy (BEL)"]
[Result "0-1"]
[WhiteElo "1716"]
[BlackElo "2183"]

1.e4 c5 2.Nf3 d6 3.d4 cxd4 4.Nxd4 Nf6 5.Nc3 a6 6.Bg5 Nbd7 7.f4 Qc7 8.Qf3 h6
9.Bxf6 Nxf6 10.h3 e5 11.Nb3 Be7 12.Be2 O-O 13.O-O b5 14.a3 Bb7 15.Rad1 Rac8
16.Qe3 Rfe8 17.Bf3 Bc6 18.Rf2 a5 19.fxe5 dxe5 20.Nc5 b4 21.axb4 axb4 22.N3a4
Qa7 23.Qb3 Bxc5 24.Nxc5 Qxc5 25.Bh5 Re7 {#R} 0-1

[Event "Memorial Oliver Gonzalez (open)"]
[Site "masterchessopen.com Madrid (Spain)"]
[Date "2011.10.09"]
[Round "2"]
[White "Martin Garcia F"]
[Black "Rubio Mejia Luis Ignacio (ESP)"]
[Result "0-1"]
[WhiteElo "1595"]
[BlackElo "2433"]

1.e4 c5 2.Nf3 d6 3.d4 cxd4 4.Nxd4 Nf6 5.Nc3 a6 6.Bg5 Nbd7 7.f4 Qc7 8.Qf3 h6
9.Bh4 g5 10.fxg5 hxg5 11.Bf2 g4 12.Qe2 e6 13.g3 Ne5 14.O-O-O b5 15.a3 Rb8
16.Qd2 Nfd7 17.Kb1 Nb6 18.Qc1 Nbc4 19.Nce2 Bd7 20.b3 Na5 21.Qb2 Nb7 22.Nf4 Nc5
23.Bd3 Bg7 24.Qc1 Rc8 25.Be3 Qb7 26.Qd2 Nexd3 27.cxd3 e5 28.Nf5 Bxf5 29.Nd5
Be6 30.Bxc5 dxc5 {#R} 0-1

[Event "It (team)"]
[Site "masterchessopen.com Bogota (Colombia)"]
[Date "2011.10.14"]
[Round "2"]
[White "Acosta Alejandro (COL)"]
[Black "Villamil Nahum Jose"]
[Result "1-0"]
[WhiteElo "2312"]
[BlackElo "1828"]

1.e4 c5 2.Nc3 a6 3.Nf3 d6 4.d4 cxd4 5.Nxd4 Nf6 6.Bg5 Nbd7 7.f4 Qc7 8.Qf3 h6
9.Bxf6 Nxf6 10.Bd3 b5 11.e5 Bb7 12.Qe2 b4 13.Ncb5 axb5 14.exf6 O-O-O 15.fxg7
Bxg7 16.Qg4+ Qd7 17.Qxg7 Rdg8 18.Qxf7 Rf8 19.Qe6 Rxf4 20.Qxd7+ Kxd7 21.O-O-O
{#r} 1-0

[Event "Extra League 2011/12 (juniors)"]
[Site "masterchessopen.com Czech Republic"]
[Date "2011.10.15"]
[Round "2"]
[White "Cizinsky Petr"]
[Black "Kraus Tomas (CZE)"]
[Result "0-1"]
[WhiteElo "2178"]
[BlackElo "2197"]

1.e4 c5 2.Nf3 d6 3.d4 cxd4 4.Nxd4 Nf6 5.Nc3 a6 6.Bg5 Nbd7 7.f4 Qc7 8.Qe2 g6
9.O-O-O Bg7 10.g3 O-O 11.Bg2 Rb8 12.Kb1 e5 13.Nf3 b5 14.Rhe1 b4 15.Nd5 Nxd5
16.exd5 f6 17.Bh4 Nc5 18.Qc4 a5 19.fxe5 fxe5 20.Qe2 a4 21.b3 axb3 22.axb3 Ra8
{#R} 0-1

[Event "Ch Czech Republic (team) (1 liga) West"]
[Site "masterchessopen.com Czech Republic"]
[Date "2011.10.30"]
[Round "2"]
[White "Skara Vladimir (SVK)"]
[Black "Cernousek Lukas (CZE)"]
[Result "0-1"]
[WhiteElo "2219"]
[BlackElo "2438"]

1.e4 c5 2.Nf3 d6 3.d4 Nf6 4.Nc3 cxd4 5.Nxd4 a6 6.Bg5 Nbd7 7.f4 Qc7 8.Qf3 h6
9.Bh4 g5 10.fxg5 hxg5 11.Bg3 Ne5 12.Bxe5 dxe5 13.Nf5 g4 14.Qf2 Bxf5 15.Qxf5
Bh6 16.Bd3 Bf4 17.Nd5 Nxd5 18.exd5 Qa5+ 19.Kf1 g3 20.Qe4 Rxh2 21.Rxh2 gxh2
22.Qh7 Qb6 23.Bf5 Qg1+ 24.Ke2 Qxg2+ 25.Kd3 Qd2+ 26.Kc4 b5+ 27.Kb3 Qxd5+ {#R}
0-1

[Event "It (open)"]
[Site "masterchessopen.com Bad Wiessee (Germany)"]
[Date "2011.11.03"]
[Round "7"]
[White "Kummerow Heiko (GER)"]
[Black "Ziska Helgi Dam (FAI)"]
[Result "1-0"]
[WhiteElo "2347"]
[BlackElo "2460"]

1.e4 c5 2.Nf3 d6 3.d4 cxd4 4.Nxd4 Nf6 5.Nc3 a6 6.Bg5 Nbd7 7.Be2 e6 8.O-O b5
9.Bh5 Nb6 10.f4 Qc7 11.Bxf6 gxf6 12.f5 e5 13.Ne6 Qc6 14.Bxf7+ Ke7 15.Qh5 Bb7
16.Rad1 Qc8 17.Nxf8 Qc5+ 18.Kh1 Raxf8 19.Be6 b4 20.Qh6 Rf7 21.Nd5+ Bxd5
22.exd5 Nc4 23.Bxf7 Kxf7 24.Rf3 Rg8 25.Qxh7+ Rg7 26.Qh5+ Ke7 27.Qh8 Rf7 28.Rg3
Qf2 29.Qc8 {#r} 1-0

[Event "Czech League 2011/12 (2nd) (e)"]
[Site "masterchessopen.com Czech Republic"]
[Date "2011.11.06"]
[Round "2"]
[White "Kratochvil Karel (CZE)"]
[Black "Sochna Dusan (CZE)"]
[Result "1-0"]
[WhiteElo "2175"]
[BlackElo "2115"]

1.e4 c5 2.Nf3 d6 3.d4 cxd4 4.Nxd4 Nf6 5.Nc3 a6 6.Bg5 Nbd7 7.f4 b5 8.Qf3 Bb7
9.O-O-O b4 10.Nd5 Nxd5 11.exd5 Qa5 12.Bc4 Nb6 13.Bb3 Bxd5 14.Qh3 Bxb3 15.Nxb3
Qb5 16.Rhe1 Rd8 17.Nd4 Qa4 18.Kb1 Rd7 19.Qf3 d5 20.f5 Rc7 21.f6 Rg8 22.fxe7
Bxe7 23.Bxe7 Rxe7 24.Rxe7+ Kxe7 25.Re1+ Kd8 26.Qxf7 {#r} 1-0

[Event "Ch Hungary (juniors) (team)"]
[Site "masterchessopen.com Miskolc (Hungary)"]
[Date "2011.11.06"]
[Round "8"]
[White "Markos Adam (HUN)"]
[Black "Szajbely Zsigmond (HUN)"]
[Result "0-1"]
[WhiteElo "1935"]
[BlackElo "2210"]

1.e4 c5 2.Nf3 d6 3.d4 cxd4 4.Nxd4 Nf6 5.Nc3 a6 6.Bg5 Nbd7 7.Qd2 b5 8.a3 Bb7
9.f3 Nb6 10.Bd3 e6 11.O-O Be7 12.Kh1 h6 13.Be3 Rc8 14.Qf2 Nc4 15.Bxc4 Rxc4
16.Nb3 Nd7 17.Qe2 Rc8 18.Rad1 Qc7 19.Bd4 e5 20.Be3 Nb6 21.Bxb6 Qxb6 22.Nd5
Bxd5 23.Rxd5 O-O 24.Qd3 Rc6 25.f4 Bf6 26.fxe5 dxe5 27.Rd1 Qf2 28.Nd2 Bg5 29.c3
Rf6 30.Qf1 Qxd2 {#R} 0-1

[Event "It \"]
[Site "masterchessopen.com St. Petersburg (Russia)"]
[Date "2011.11.21"]
[Round "4"]
[White "Shukh Nikolai (RUS)"]
[Black "Savchenko Stanislav (UKR)"]
[Result "0-1"]
[WhiteElo "2413"]
[BlackElo "2502"]

1.e4 c5 2.Nf3 d6 3.d4 cxd4 4.Nxd4 Nf6 5.Nc3 a6 6.Bg5 Nbd7 7.f4 Qc7 8.Qf3 h6
9.Bh4 g5 10.fxg5 hxg5 11.Bxg5 Qc5 12.Nf5 e6 13.Bxf6 Nxf6 14.Ng3 Nd7 15.O-O-O
Ne5 16.Qe2 b5 17.Kb1 Bd7 18.Nh5 Be7 19.g4 b4 20.Nd5 exd5 21.Rxd5 Bxg4 22.Qd2
Qb6 23.Ng7+ Kf8 24.Nf5 Bxf5 25.exf5 Rc8 26.Be2 Rc6 27.f6 Bxf6 28.Rf1 Bg7
29.Qg5 Rxh2 30.Qf4 Rxc2 31.Rxe5 Rxb2+ 32.Ka1 Qc7 {#R} 0-1

[Event "Cup Belgrade (open)"]
[Site "masterchessopen.com Obrenovac (Serbia)"]
[Date "2011.11.28"]
[Round "5"]
[White "Sarenac Ivan (SRB)"]
[Black "Volas Nikola (SRB)"]
[Result "1-0"]
[WhiteElo "2327"]
[BlackElo "2103"]

1.e4 c5 2.Nf3 d6 3.d4 cxd4 4.Nxd4 Nf6 5.Nc3 a6 6.Bg5 Nbd7 7.Bc4 Qb6 8.Bb3 e6
9.Bxf6 Nxf6 10.f4 Qc5 11.Qd2 Be7 12.O-O-O b5 13.Rhe1 O-O 14.e5 dxe5 15.fxe5
Nd7 16.Ne4 Qxe5 17.Nc6 {#r} 1-0

[Event "It (open)"]
[Site "masterchessopen.com Bogota (Colombia)"]
[Date "2011.12.07"]
[Round "3"]
[White "Alvarez Dager (COL)"]
[Black "Gomez Camilo (CUB)"]
[Result "0-1"]
[WhiteElo "2147"]
[BlackElo "2537"]

1.e4 c5 2.Nf3 d6 3.d4 cxd4 4.Nxd4 Nf6 5.Nc3 a6 6.Bg5 Nbd7 7.Qd2 Qc7 8.O-O-O e6
9.f3 Be7 10.g4 O-O 11.h4 b5 12.h5 b4 13.Nce2 Nc5 14.Be3 e5 15.Nb3 Nxb3+
16.axb3 a5 17.g5 Ne8 18.Ng3 a4 19.Qxb4 a3 20.bxa3 d5 21.Qb6 Bxa3+ 22.Kd2 d4
23.Bxd4 exd4 24.Qxc7 Nxc7 25.Bd3 Ne6 {#R} 0-1

[Event "Bundesliga (2nd) West 2011/12"]
[Site "masterchessopen.com Germany"]
[Date "2011.12.11"]
[Round "4"]
[White "Braun Christian (GER)"]
[Black "Poetsch Hagen (GER)"]
[Result "0-1"]
[WhiteElo "2392"]
[BlackElo "2401"]

1.e4 c5 2.Nf3 d6 3.d4 cxd4 4.Nxd4 Nf6 5.Nc3 a6 6.Bg5 Nbd7 7.Bc4 Qb6 8.Qd2 Qxb2
9.O-O Qb4 10.Bb3 e6 11.f4 Be7 12.Rab1 Qa5 13.f5 Nc5 14.fxe6 fxe6 15.Rbe1 Bd7
16.Kh1 Rc8 17.Rf3 h6 18.Bf4 e5 19.Nf5 Bxf5 20.exf5 Nxb3 21.axb3 exf4 22.b4
Qxb4 {#R} 0-1

[Event "It \"]
[Site "masterchessopen.com Los Angeles (USA)"]
[Date "2011.12.11"]
[Round "8"]
[White "Kiewra Keaton F (USA)"]
[Black "Yankovsky Roman (RUS)"]
[Result "0-1"]
[WhiteElo "2360"]
[BlackElo "2397"]

1.e4 c5 2.Nf3 d6 3.d4 cxd4 4.Nxd4 Nf6 5.Nc3 a6 6.Bg5 Nbd7 7.f4 Qc7 8.Qd2 e6
9.O-O-O Be7 10.g4 b5 11.Bg2 Bb7 12.Bxf6 gxf6 13.f5 e5 14.Nde2 h5 15.gxh5 Nb6
16.b3 Bf8 17.Kb1 Ke7 18.Bf3 Bh6 19.Qd3 b4 20.Nd5+ Nxd5 21.exd5 a5 22.a4 bxa3
23.Qe4 Rhc8 24.c3 Ba6 25.Rd3 Rab8 26.Ka2 Rxb3 {#R} 0-1

[Event "Ch Greece (juniors) (team) (under 16)"]
[Site "masterchessopen.com Vrahati (Greece)"]
[Date "2011.12.16"]
[Round "2"]
[White "Drakaki Anna-Maria (GRE)"]
[Black "Fragkou Eleni (GRE)"]
[Result "1-0"]
[WhiteElo "1756"]
[BlackElo "1936"]

1.e4 c5 2.Nf3 d6 3.d4 cxd4 4.Nxd4 Nf6 5.Nc3 a6 6.Bg5 Nbd7 7.f4 Qc7 8.Qe2 e5
9.Nf5 h6 10.Bxf6 Nxf6 11.Ne3 exf4 12.Ned5 Nxd5 13.Nxd5 Qa5+ 14.b4 Qd8 15.e5
Qh4+ 16.g3 fxg3 17.exd6+ Kd8 18.O-O-O Qg5+ 19.Rd2 Bg4 20.Qc4 Rc8 21.Qd4 Rc6
22.Bg2 Bxd6 23.Ne3 Bd7 24.Bxc6 Bxc6 25.Qxd6+ Kc8 26.Nd5 Bxd5 27.Qxd5 Qf6
28.Qc5+ {#r} 1-0

[Event "It (open)"]
[Site "masterchessopen.com Zuerich (Switzerland)"]
[Date "2011.12.28"]
[Round "4"]
[White "Misiano Franco (ITA)"]
[Black "Laske Erich (AUT)"]
[Result "1-0"]
[WhiteElo "2293"]
[BlackElo "2089"]

1.e4 c5 2.Nf3 d6 3.d4 cxd4 4.Nxd4 Nf6 5.Nc3 a6 6.Bg5 Nbd7 7.Bc4 Qc7 8.Bb3 e6
9.Qe2 h6 10.Bh4 Qc5 11.O-O-O Qh5 12.Nf3 Nc5 13.e5 Nxb3+ 14.axb3 dxe5 15.Qc4
Nd7 16.g4 {#r} 1-0

[Event "It (open)"]
[Site "masterchessopen.com Tabriz (Iran)"]
[Date "2012.01.16"]
[Round "6"]
[White "Asgari Morteza (IRI)"]
[Black "Shah Moradi Mohammad (IRI)"]
[Result "1-0"]
[WhiteElo "2263"]
[BlackElo "2035"]

1.e4 c5 2.Nf3 d6 3.d4 cxd4 4.Nxd4 Nf6 5.Nc3 a6 6.Bg5 Nbd7 7.Bc4 Qb6 8.Qd2 Qxb2
9.Rb1 Qa3 10.O-O Qa5 11.Bd5 Qc7 12.f4 e6 13.Bxe6 fxe6 14.Nxe6 Qc4 15.Nxf8 Rxf8
16.Kh1 Kf7 17.e5 Ne8 18.Nd5 Nc7 19.Nxc7 Qxc7 20.Qd5+ Kg6 21.f5+ Rxf5 22.Rxf5
Nxe5 23.Rxe5 dxe5 24.Bd8 Qc3 25.Rb6+ Kf5 26.Qf7+ Ke4 27.Rb4+ {#r} 1-0

[Event "It (open) \"]
[Site "masterchessopen.com Caleta (England)"]
[Date "2012.01.26"]
[Round "3"]
[White "Phadke Sohan (IND)"]
[Black "Salomon Johan (NOR)"]
[Result "1-0"]
[WhiteElo "2290"]
[BlackElo "2002"]

1.e4 c5 2.Nf3 d6 3.d4 cxd4 4.Nxd4 Nf6 5.Nc3 a6 6.Bg5 Nbd7 7.Bc4 Qb6 8.Bb3 e6
9.Be3 Nc5 10.f3 Be7 11.g4 h6 12.Qd2 Qc7 13.O-O-O Nxb3+ 14.cxb3 d5 15.e5 Nd7
16.f4 Nc5 17.Kb1 Bd7 18.b4 Na4 19.Nxa4 Bxa4 20.Rc1 Qd7 21.f5 h5 22.fxe6 fxe6
23.Qd3 Bxb4 24.Rhf1 Qe7 25.Qg6+ Kd7 {#r} 1-0

[Event "Ch Turkey"]
[Site "masterchessopen.com Kemer (Turkey)"]
[Date "2012.02.02"]
[Round "7"]
[White "Sari Yasin (TUR)"]
[Black "Agaoglu Aydin (TUR)"]
[Result "0-1"]
[WhiteElo "1840"]
[BlackElo "1992"]

1.e4 c5 2.Nf3 d6 3.d4 cxd4 4.Nxd4 Nf6 5.Nc3 a6 6.Bg5 Nbd7 7.Bc4 Qb6 8.Qd2 Qxb2
9.Rb1 Qa3 10.O-O e6 11.Kh1 h6 12.Bh4 Be7 13.f4 Qa5 14.Qe1 g5 15.fxg5 hxg5
16.Bf2 Ne5 17.Be2 b5 18.Nb3 Qc7 19.Bg3 Bb7 20.Rd1 Rc8 21.Bxb5+ Kf8 22.Bxe5
dxe5 23.Rxf6 Bxf6 24.Qf2 Rh6 25.Bd7 Qxc3 26.Bxc8 Qxc8 27.Nc5 Bc6 28.Rb1 Kg7
29.Rb6 Be7 {#R} 0-1

[Event "Ch Finland (team) 2011/12"]
[Site "masterchessopen.com Finland"]
[Date "2012.02.11"]
[Round "8"]
[White "Saren Ilkka J (FIN)"]
[Black "Jarvenpaa Jari (FIN)"]
[Result "0-1"]
[WhiteElo "2150"]
[BlackElo "2293"]

1.e4 c5 2.Nf3 d6 3.d4 cxd4 4.Nxd4 Nf6 5.Nc3 a6 6.Bg5 Nbd7 7.Be2 e6 8.a4 b6
9.O-O Bb7 10.f3 Qc7 11.Kh1 Be7 12.Be3 O-O 13.Bd3 Nc5 14.Qe2 d5 15.exd5 Nxd3
16.cxd3 Nxd5 17.Nxd5 Bxd5 18.Rfc1 Qd7 19.f4 Rfd8 20.Qf2 Bf6 21.Nf3 Bxf3
22.gxf3 Qxd3 23.Bxb6 Rd5 24.a5 g6 25.Ra3 Qb5 26.Rc2 Qb4 {#R} 0-1

[Event "Bundesliga (2nd) 2011/12 (w)"]
[Site "masterchessopen.com Germany"]
[Date "2012.02.11"]
[Round "6"]
[White "Kloster Elisabeth"]
[Black "Amirezashvili Maia (GER)"]
[Result "1-0"]
[WhiteElo "1718"]
[BlackElo "1886"]

1.e4 c5 2.Nf3 d6 3.d4 cxd4 4.Nxd4 Nf6 5.Nc3 a6 6.Bg5 Nbd7 7.Be2 Qa5 8.Qd2 Qc7
9.O-O Ne5 10.Bxf6 gxf6 11.Nd5 Qd8 12.Qc3 Rb8 13.f4 Ng6 14.Nb5 Bg7 15.Nbc7+ Kf8
16.f5 Ne5 17.Nf4 Bd7 18.Ncd5 Rc8 19.Qb3 b5 20.Rad1 Nc4 21.Rf3 h5 22.Rh3 h4
23.Nh5 Bh6 24.Rxh4 Nd2 25.Qh3 Rxc2 26.Nhxf6 Nf3+ 27.Bxf3 Kg7 28.Qg3+ Kf8
29.Rxh6 {#r} 1-0

[Event "Ch Region"]
[Site "masterchessopen.com Cheliabinsk (Russia)"]
[Date "2012.02.19"]
[Round "2"]
[White "Matveev Stanislav (RUS)"]
[Black "Kosov Viacheslav (RUS)"]
[Result "1-0"]
[WhiteElo "2235"]
[BlackElo "2028"]

1.e4 c5 2.Nf3 d6 3.d4 cxd4 4.Nxd4 Nf6 5.Nc3 a6 6.Bg5 Nbd7 7.Bc4 Qc7 8.Bb3 e6
9.Qe2 h6 10.Bh4 g5 11.Bg3 Be7 12.O-O-O Ne5 13.h4 Rg8 14.hxg5 hxg5 15.Kb1 Bd7
16.f3 O-O-O 17.Bf2 Rh8 18.Bg3 Nh5 19.Qf2 Nc4 20.Nf5 exf5 21.Nd5 Ne3 22.Nxe7+
{#r} 1-0

[Event "Ch Hungary (team) 2011/12"]
[Site "masterchessopen.com Hungary"]
[Date "2012.02.19"]
[Round "6"]
[White "Csirik Andras (HUN)"]
[Black "Nagy Gabor (HUN)"]
[Result "0-1"]
[WhiteElo "2319"]
[BlackElo "2354"]

1.e4 c5 2.Nf3 d6 3.d4 cxd4 4.Nxd4 Nf6 5.Nc3 a6 6.Bg5 Nbd7 7.f4 Qc7 8.Qf3 h6
9.Bh4 g5 10.fxg5 hxg5 11.Bxg5 Qc5 12.Qe3 Ng4 13.Qd2 Bg7 14.Nf5 Bxc3 15.bxc3
Ndf6 16.Bxf6 Nxf6 17.Bd3 Bxf5 18.exf5 Qe5+ 19.Qe2 Qxc3+ 20.Kf2 Qd4+ 21.Kf3
O-O-O 22.g3 Rdg8 23.Rab1 Qg4+ 24.Kf2 Rxh2+ 25.Rxh2 Qxg3+ 26.Kf1 Qg1# 0-1

[Event "Ch Region"]
[Site "masterchessopen.com Cheliabinsk (Russia)"]
[Date "2012.02.23"]
[Round "6"]
[White "Baigildin Albert"]
[Black "Kosov Viacheslav (RUS)"]
[Result "0-1"]
[WhiteElo "2187"]
[BlackElo "2028"]

1.e4 c5 2.Nf3 d6 3.d4 cxd4 4.Nxd4 Nf6 5.Nc3 a6 6.Bg5 Nbd7 7.Bc4 Qc7 8.Qe2 e6
9.O-O-O b5 10.Bb3 h6 11.Bxf6 Nxf6 12.Rhe1 Be7 13.Nd5 Nxd5 14.exd5 Bg5+ 15.Kb1
e5 16.g3 O-O 17.Nf3 Bf6 18.Nd2 Bf5 19.Ne4 Bxe4 20.Qxe4 a5 21.c3 g6 22.h4 Bg7
23.h5 f5 24.Qc2 a4 {#R} 0-1

[Event "It \"]
[Site "masterchessopen.com Kecskemet (Hungary)"]
[Date "2012.02.24"]
[Round "7"]
[White "Antal Tibor Kende (HUN)"]
[Black "Sax Gyula (HUN)"]
[Result "0-1"]
[WhiteElo "2352"]
[BlackElo "2486"]

1.e4 c5 2.Nf3 d6 3.d4 cxd4 4.Nxd4 Nf6 5.Nc3 a6 6.Bg5 Nbd7 7.Qe2 b5 8.O-O-O Bb7
9.f4 e5 10.Nf5 Qc7 11.Kb1 h6 12.fxe5 dxe5 13.Bxf6 Nxf6 14.Nd5 Nxd5 15.exd5
O-O-O 16.g4 g6 17.Ne3 Bc5 18.Bg2 e4 19.c4 Kb8 20.cxb5 axb5 21.Nc2 Rhe8 22.Qxb5
Re5 23.Rhe1 f5 24.gxf5 gxf5 25.Nb4 Bxb4 26.Qxb4 Rexd5 27.Rxd5 Rxd5 28.Qf8+ Qd8
29.Qxh6 Rd2 30.Qf4+ Ka8 31.Bf1 Qd4 {#R} 0-1

[Event "Ch Moscow (1/2 final)"]
[Site "masterchessopen.com Moscow (Russia)"]
[Date "2012.02.28"]
[Round "3"]
[White "Vavulin Maksim (RUS)"]
[Black "Yudin Ivan (RUS)"]
[Result "1-0"]
[WhiteElo "2227"]
[BlackElo "2298"]

1.e4 c5 2.Nf3 d6 3.d4 cxd4 4.Nxd4 Nf6 5.Nc3 a6 6.Bg5 Nbd7 7.Bc4 Qb6 8.Qd2 Qxb2
9.Rb1 Qa3 10.O-O e6 11.Kh1 Be7 12.f4 Nc5 13.Rbe1 Qb4 14.Bb3 h6 15.Bxf6 Bxf6
16.e5 dxe5 17.fxe5 Bg5 18.Qf2 O-O 19.Ne4 Nxe4 20.Rxe4 Qc5 21.h4 Bd8 22.Qg3 Bc7
23.c3 Kh8 24.Qe3 b5 25.Rf6 Bb7 26.Rxh6+ Kg8 27.Rh5 Bxe4 28.Qxe4 g6 29.Nxe6 Qb6
30.Rh6 {#r} 1-0

[Event "Ch PriFO (open)"]
[Site "masterchessopen.com Kazan (Russia)"]
[Date "2012.02.29"]
[Round "3"]
[White "Sadykov Ramil (RUS)"]
[Black "Skomorokhin Roman (RUS)"]
[Result "1-0"]
[WhiteElo "2214"]
[BlackElo "2376"]

1.e4 c5 2.Nf3 d6 3.d4 cxd4 4.Nxd4 Nf6 5.Nc3 a6 6.Bg5 Nbd7 7.f4 h6 8.Bh4 e6
9.Qf3 Be7 10.O-O-O g5 11.fxg5 hxg5 12.Bxg5 Ne5 13.Qe2 Qc7 14.Nf3 Neg4 15.h3 b5
16.Rg1 b4 17.Nd5 exd5 18.hxg4 Bxg4 19.exd5 Kf8 20.Rd4 Rg8 21.Qd2 Qc5 22.Rc4
Qa7 23.Nd4 Nxd5 24.Bh6+ Ke8 25.Bd3 Rc8 26.Re1 Qb7 27.Nb3 Kd8 28.Rd4 Bf6 29.Na5
Qa8 30.Bh7 Bxd4 31.Bxg8 Bf6 32.Bxf7 {#r} 1-0

[Event "Cup HD Bank (open)"]
[Site "masterchessopen.com Ho Chi Minh City (Vietnam)"]
[Date "2012.03.03"]
[Round "3"]
[White "Ikeda Junta (AUS)"]
[Black "Gopal G N (IND)"]
[Result "0-1"]
[WhiteElo "2349"]
[BlackElo "2566"]

1.e4 c5 2.Nf3 d6 3.d4 cxd4 4.Nxd4 Nf6 5.Nc3 a6 6.Bg5 Nbd7 7.Bc4 Qb6 8.Qd2 Qxb2
9.Rb1 Qa3 10.O-O e6 11.Bxe6 fxe6 12.Nxe6 Qa5 13.f4 Kf7 14.f5 b5 15.Qd3 Bb7
16.Nd5 Rc8 17.Bxf6 Nxf6 18.Ng5+ Kg8 19.Nxf6+ gxf6 20.Ne6 Kf7 21.e5 Qxa2
22.Ng5+ fxg5 23.e6+ Ke8 24.f6 Rxc2 {#R} 0-1